Manual de prevenció i control del tabaquisme / Helios Pardell i Alenta, Lluís Salleras i Sanmartí, Teresa Salvador i Llivina
Publicado:
Barcelona :
Secretaria General Tècnica del Departament de Sanitat i Seguretat Social ,
1983
Descripción Física:
87 p. ; 21 cm
Colección:
Quaderns de salut ; 8
Otros Autores:
Catalunya. Direcció General de Promoció de la Salut
,
Salleras Sanmartí, Lluís
,
Salvador i Llivina, Teresa
Materias:
Tabac -- Efectes fisiològics
MARC
| LEADER | 00000nam a2200000Ia 4500 | ||
|---|---|---|---|
| 001 | 1391 | ||
| 008 | 160829s1983 xx 000 0 cat d | ||
| 080 | |a C-1-328 | ||
| 100 | |a Pardell i Alentà, Hèlios |9 36965 | ||
| 245 | |a Manual de prevenció i control del tabaquisme / Helios Pardell i Alenta, Lluís Salleras i Sanmartí, Teresa Salvador i Llivina | ||
| 250 | |a 2a ed. | ||
| 260 | |a Barcelona : |b Secretaria General Tècnica del Departament de Sanitat i Seguretat Social, |c 1983 | ||
| 300 | |a 87 p. ; |c 21 cm | ||
| 490 | |a Quaderns de salut ; 8 | ||
| 590 | |a A la part superior de la portada, Generalitat de Catalunya. Departament de Sanitat i Seguretat Social. Direcció General de Promoció de la Salut. | ||
| 650 | |a Tabac |x Efectes fisiològics |9 31502 | ||
| 700 | |a Catalunya. Direcció General de Promoció de la Salut |9 36966 | ||
| 700 | |a Salleras Sanmartí, Lluís |9 36967 | ||
| 700 | |a Salvador i Llivina, Teresa |9 26111 | ||
| 901 | |a Arxiu | ||
| 942 | |n 1 | ||
| 952 | |0 0 |1 0 |4 0 |6 C1328 |7 1 |9 47588 |a Arxiu |b Arxiu |d 2016-12-01 |l 0 |o C-1-328 |p 1391 |r 2016-12-01 00:00:00 |w 2016-12-01 |y ARXIU | ||
| 999 | |c 51387 |d 51387 | ||